| 000 | 00472nam a22001697a 4500 | ||
|---|---|---|---|
| 003 | OSt | ||
| 005 | 20211008164030.0 | ||
| 008 | 211008b |||||||| |||| 00| 0 eng d | ||
| 020 | _a0 272 00061 2 | ||
| 040 | _cHawassa University | ||
| 050 | _a616.075/BAS | ||
| 082 | _a616.075/BAS | ||
| 100 |
_aKirk, Clive J C[et......al] _911819 |
||
| 245 | _aBasic Medical Laboratory Technology | ||
| 260 |
_aNew York _bA Willy Biomedical Publishing _c1975 |
||
| 942 |
_2ddc _cBOOKS _n0 |
||
| 999 |
_c10981 _d10981 |
||